| 000 | 00333nam a2200121Ia 4500 | ||
|---|---|---|---|
| 008 | 240624s9999 xx 000 0 und d | ||
| 041 | _aeng | ||
| 082 | _a658.827 SEY | ||
| 100 | _aSEYBOLD PATRICIA B | ||
| 245 | _aBRAND CHILD REMARKABLE INSIGHTS INTO THE | ||
| 260 |
_c2005 _aNew Delhi _bViva Books Private Limited |
||
| 300 | _a322 : p. | ||
| 999 |
_c22953 _d22953 |
||